江苏省县级市 - Statistics

General Stats
  • This quiz has been taken 25 times
  • The average score is 19 of 21
Answers on the Map
Answers color-coded by a green-red scale on the quiz's map according to % correct below.
 
Answer Stats
Answer % Correct
宜兴市
100%
常熟市
100%
张家港市
100%
昆山市
100%
丹阳市
100%
扬中市
100%
溧阳市
96%
如皋市
96%
江阴市
92%
新沂市
92%
邳州市
92%
太仓市
92%
启东市
92%
句容市
92%
靖江市
92%
泰兴市
92%
高邮市
88%
海安市
83%
东台市
83%
仪征市
79%
兴化市
75%
No matching quizzes found
Score Distribution
Percent of People with Each Score
Percentile by Number Answered
Your Score History
You have not taken this quiz